Introduction to information systems

Rainer and Turban's Introduction to Information Systems, 2nd edition helps make Information Technology come alive in the classroom. This text takes students where IT lives-in today's businesses and in our daily lives while helping students understand how valuable information technology is...

Descrizione completa

Salvato in:
Dettagli Bibliografici
Autore principale: Rainer, Rex Kelly
Natura: Libro
Lingua:Undetermined
Pubblicazione: Hoboken, NJ J. Wiley 2009
Soggetti:
Tags: Aggiungi Tag
Nessun Tag, puoi essere il primo ad aggiungerne! !
Thư viện lưu trữ: Trung tâm Học liệu Trường Đại học Cần Thơ
LEADER 01161nam a2200205Ia 4500
001 CTU_153265
008 210402s9999 xx 000 0 und d
020 |c 77 
082 |a 658.4038 
082 |b R155 
100 |a Rainer, Rex Kelly 
245 0 |a Introduction to information systems 
245 0 |c R. Kelly Rainer, Efraim Turban 
260 |a Hoboken, NJ 
260 |b J. Wiley 
260 |c 2009 
520 |a Rainer and Turban's Introduction to Information Systems, 2nd edition helps make Information Technology come alive in the classroom. This text takes students where IT lives-in today's businesses and in our daily lives while helping students understand how valuable information technology is to their future careers. The new edition provides concise and accessible coverage of core IT topics while connecting these topics to Accounting, Finance, Marketing, Management, Human resources, and Operations, so students can discover how critical IT is to each functional area and every business. 
650 |a Information technology,Công nghệ thông tin 
904 |i Trọng Hiếu 
980 |a Trung tâm Học liệu Trường Đại học Cần Thơ